<?xml version="1.0" encoding="UTF-8"?>
<collection xmlns="http://www.loc.gov/MARC21/slim">
 <record>
  <leader>01524nam a2200205Ia 4500</leader>
  <controlfield tag="001">TDMU_23421</controlfield>
  <controlfield tag="008">210410s9999    xx            000 0 und d</controlfield>
  <datafield tag="082" ind1=" " ind2=" ">
   <subfield code="a">895.92230109</subfield>
  </datafield>
  <datafield tag="090" ind1=" " ind2=" ">
   <subfield code="b">L250</subfield>
  </datafield>
  <datafield tag="100" ind1=" " ind2=" ">
   <subfield code="a">Lê, Thị Thu Hằng</subfield>
  </datafield>
  <datafield tag="245" ind1=" " ind2="0">
   <subfield code="a">Nhân vật lịch sử và dã sử trong truyện ngắn Nguyễn Huy Thiệp</subfield>
  </datafield>
  <datafield tag="245" ind1=" " ind2="0">
   <subfield code="c">Lê Thị Thu Hằng; TS. Hà Thanh Vân (Hướng dẫn)</subfield>
  </datafield>
  <datafield tag="260" ind1=" " ind2=" ">
   <subfield code="a">Bình Dương</subfield>
  </datafield>
  <datafield tag="260" ind1=" " ind2=" ">
   <subfield code="c">2015</subfield>
  </datafield>
  <datafield tag="300" ind1=" " ind2=" ">
   <subfield code="a">109 tr.</subfield>
  </datafield>
  <datafield tag="520" ind1=" " ind2=" ">
   <subfield code="a">TM tài liệu tham khảo tr.105 - 108; Chuyên ngành: Sư phạm Ngữ văn; Đồng ý việc số hóa; đồng ý 50% cho việc sao chép tài liệu; Khóa luận tốt nghiệp Đại học trường Đại học Thủ Dầu Một, 2011- 2015; Khóa luận gồm 3 chương: Nhân vật lịch sử trong bối cảnh thời đại; Nhân vật lịch sử trong bối cảnh văn học; nghệ thuật xây dựng nhân vật lịch sử và dã sử trong truyện ngắn Nguyễn Huy Thiệp.</subfield>
  </datafield>
  <datafield tag="650" ind1=" " ind2=" ">
   <subfield code="a">Khóa luận; Văn học Việt Nam</subfield>
   <subfield code="x">Truyện ngắn</subfield>
   <subfield code="x">Phê bình, đánh giá; Nhân vật lịch sử và dã sử</subfield>
   <subfield code="x">Phê bình, đánh giá</subfield>
   <subfield code="z">Việt Nam; Nguyễn Huy Thiệp</subfield>
   <subfield code="x">Tác phẩm</subfield>
   <subfield code="d">1950</subfield>
  </datafield>
  <datafield tag="700" ind1=" " ind2=" ">
   <subfield code="a">Hà Thanh Vân</subfield>
  </datafield>
  <datafield tag="856" ind1=" " ind2=" ">
   <subfield code="u">http://lrc.tdmu.edu.vn/opac/search/detail.asp?aID=2&amp;ID=23421</subfield>
  </datafield>
  <datafield tag="980" ind1=" " ind2=" ">
   <subfield code="a">Trung tâm Học liệu Trường Đại học Thủ Dầu Một</subfield>
  </datafield>
 </record>
</collection>
